Statistics for A-Z of Countries closest to Ireland

Click here to take the quiz!

General Stats

  • This quiz has been taken 56 times
    (31 since last reset)
  • The average score is 21 of 24

Answer Stats

LetterCountry% Correct
UUnited Kingdom
100%
BBelgium
96%
FFrance
96%
QQatar
96%
YYemen
96%
DDenmark
93%
HHungary
93%
IIceland
93%
NNetherlands
93%
OOman
93%
AAndorra
89%
EEstonia
89%
ZZambia
89%
GGermany
85%
PPortugal
85%
VVatican City
85%
JJordan
81%
LLuxembourg
81%
CCzech Republic
78%
KKosovo
78%
RRussia
78%
SSwitzerland
78%
MMonaco
74%
TTunisia
67%

Score Distribution

Percentile by Number Answered

Percent of People with Each Score

Your Score History

You have not taken this quiz since the last reset